[Event "European Rapid 2022"]
[Site "Katowice POL"]
[Date "2022.12.18"]
[Round "11.58"]
[White "Klenburg, Michael"]
[Black "Stevanic, David"]
[Result "1/2-1/2"]
[WhiteTitle "IM"]
[BlackTitle "FM"]
[WhiteElo "2347"]
[BlackElo "2249"]
[WhiteFideId "14102072"]
[BlackFideId "14613921"]
[EventDate "2022.12.17"]

1. e4 e5 2. Nf3 Nf6 3. Nxe5 d6 4. Nf3 Nxe4 5. Nc3 Nxc3 6. dxc3 Be7 7. Bf4 O-O 8.
Qd2 Nd7 9. O-O-O Re8 10. h4 Nf6 11. Ng5 d5 12. f3 c5 13. g4 Qa5 14. Kb1 d4 15.
Bc4 dxc3 16. Qxc3 Qxc3 17. bxc3 Be6 18. Nxe6 fxe6 19. Bxe6+ Kh8 20. Rhe1 Rad8
21. h5 b5 22. h6 c4 23. hxg7+ Kxg7 24. Bf5 Nd5 25. Be5+ Bf6 26. Bxf6+ Kxf6 27.
Kb2 Rxe1 28. Rxe1 Rh8 29. Bd7 Rd8 30. Bc6 Rd6 31. Rd1 Rxc6 32. Rxd5 a6 33. f4
Ke6 34. Rh5 Rc7 35. Rh6+ Kd5 36. Rxa6 Rf7 37. f5 Rg7 38. Ra5 Kc6 39. Ka3 Rxg4
40. Kb4 Rg1 41. Ra6+ Kd5 42. Rh6 Rb1+ 43. Ka3 Ke5 44. f6 Ke6 45. Rxh7 Kxf6 46.
Rd7 Ke5 47. Rd2 Ke4 48. Rd4+ Ke3 49. Rd5 Ke2 1/2-1/2

[Event "European Rapid 2022"]
[Site "Katowice POL"]
[Date "2022.12.18"]
[Round "11.59"]
[White "Batsiashvili, Nino"]
[Black "Martynkova, Olena"]
[Result "1-0"]
[WhiteTitle "GM"]
[BlackTitle "WIM"]
[WhiteElo "2493"]
[BlackElo "2227"]
[WhiteFideId "13602993"]
[BlackFideId "14134039"]
[EventDate "2022.12.17"]

1. d4 d5 2. Nf3 Nf6 3. Bf4 e6 4. e3 c5 5. Nbd2 Bd6 6. dxc5 Bxf4 7. exf4 Qa5 8.
c3 Qxc5 9. Bd3 O-O 10. O-O b6 11. Qe2 Bb7 12. Rfe1 a5 13. Nb3 Qc7 14. f5 exf5
15. Bxf5 Na6 16. Nbd4 Nc5 17. Nb5 Qf4 18. Qe5 Qxe5 19. Nxe5 g6 20. Bc2 Ba6 21.
Nc7 Rac8 22. Nxa6 Nxa6 23. Rad1 Rfd8 24. g4 h6 25. h4 Nc5 26. f3 g5 27. Kf2 b5
28. Bf5 Rc7 29. a3 Na4 30. Re2 Nb6 31. Rd4 Nc4 32. hxg5 hxg5 33. Nd3 Kf8 34. f4
gxf4 35. g5 Ng8 36. Nxf4 Re7 37. Rxd5 Rxe2+ 38. Kxe2 Rxd5 39. Nxd5 Nxb2 40. Nc7
Ne7 41. Bc2 b4 42. cxb4 axb4 43. axb4 Nc4 44. Kd3 Nd6 45. Kd4 Nc6+ 46. Kc5 Nxb4
47. Kxb4 f6 48. g6 f5 49. Kc5 Ne8 50. Nxe8 Kxe8 51. Bxf5 1-0

[Event "European Rapid 2022"]
[Site "Katowice POL"]
[Date "2022.12.18"]
[Round "11.60"]
[White "Arkell, Keith C"]
[Black "Rudzinska, Michalina"]
[Result "1-0"]
[WhiteTitle "GM"]
[BlackTitle "WFM"]
[WhiteElo "2406"]
[BlackElo "2256"]
[WhiteFideId "400270"]
[BlackFideId "1172883"]
[EventDate "2022.12.17"]

1. d4 Nf6 2. Nf3 e6 3. c4 Bb4+ 4. Bd2 c5 5. Bxb4 cxb4 6. a3 bxa3 7. Rxa3 O-O 8.
Nc3 d5 9. cxd5 Nxd5 10. e3 Nxc3 11. Rxc3 b6 12. Be2 Bb7 13. O-O Nd7 14. b4 Nf6
15. b5 Qd6 16. Qa1 Ng4 17. Qa3 Qb8 18. g3 Qd8 19. h3 Nf6 20. Ne5 Ne4 21. Rc2 Qg5
22. Bf3 Qf5 23. Rc7 Bd5 24. Bg2 Ng5 25. g4 Qf6 26. f4 Ne4 27. Nd7 Qh4 28. Nxf8
Rxf8 29. Qc1 Ng3 30. Rf2 Ne4 31. Re2 Ng3 32. Rec2 Bxg2 33. Kxg2 Ne4 34. Kf3 f5
35. gxf5 exf5 36. Qg1 Qxh3+ 37. Ke2 Qh5+ 38. Kd3 g6 39. Rh2 Qf3 40. Rhxh7 Nf2+
41. Qxf2 Qd1+ 42. Qd2 Qb3+ 43. Ke2 Qxb5+ 44. Kf2 1-0

[Event "European Rapid 2022"]
[Site "Katowice POL"]
[Date "2022.12.18"]
[Round "11.61"]
[White "Marie, Maxime"]
[Black "Diermair, Andreas"]
[Result "1/2-1/2"]
[WhiteTitle "CM"]
[BlackTitle "GM"]
[WhiteElo "2175"]
[BlackElo "2446"]
[WhiteFideId "625590"]
[BlackFideId "1612468"]
[EventDate "2022.12.17"]

1. c4 e5 2. Nc3 Bb4 3. Nf3 Bxc3 4. dxc3 d6 5. c5 Nf6 6. cxd6 cxd6 7. g3 Nc6 8.
Bg2 d5 9. O-O O-O 10. Bg5 Be6 11. e4 dxe4 12. Nd2 h6 13. Bxf6 Qxf6 14. Nxe4 Qe7
15. Qd6 Rfd8 16. Qxe7 Nxe7 17. Rfd1 Bd5 18. Nc5 b6 19. Nb3 Rac8 20. Bxd5 Nxd5
21. Rd2 Nf6 22. Rad1 Rxd2 23. Rxd2 Kf8 24. a4 Ke7 25. a5 Ke6 26. axb6 axb6 27.
Kf1 Ra8 28. f3 g5 29. Ke2 g4 30. fxg4 Nxg4 31. h3 Nf6 32. Kf3 h5 33. Re2 Kf5 34.
Nd2 Ra4 35. b3 e4+ 36. Kf2 Ra3 37. Ke3 b5 38. Kd4 Ra8 39. Rf2+ Kg6 40. Nxe4 Rd8+
41. Ke3 Nd5+ 42. Kf3 f5 43. Nc5 Nxc3 44. b4 Rd4 45. Rc2 Nd5 46. Ne6 Rxb4 47. Rc6
Rb3+ 48. Kf2 Nf6 49. Nf4+ Kf7 50. Rc7+ Kg8 51. Kg2 Rb2+ 52. Kf3 Rb3+ 53. Kg2 b4
54. Rc6 Rb2+ 55. Kf3 Rb3+ 56. Kg2 Kf7 57. Rc7+ Ke8 58. Ne6 Rc3 59. Ng7+ Kf8 60.
Ne6+ Kg8 61. Rg7+ Kh8 62. Rb7 Ne4 63. Rxb4 Rxg3+ 64. Kh2 Re3 65. Nf4 h4 66. Ng6+
Kg7 67. Nxh4 Re2+ 68. Kg1 Re1+ 1/2-1/2

[Event "European Rapid 2022"]
[Site "Katowice POL"]
[Date "2022.12.18"]
[Round "11.62"]
[White "Haydon, David L"]
[Black "Wojdak, Jan"]
[Result "1-0"]
[WhiteTitle "FM"]
[WhiteElo "2289"]
[BlackElo "2115"]
[WhiteFideId "415405"]
[BlackFideId "21817111"]
[EventDate "2022.12.17"]

1. Nf3 Nf6 2. b3 g6 3. Bb2 Bg7 4. e3 O-O 5. Be2 d5 6. c4 c6 7. Qc2 a5 8. O-O Bf5
9. d3 a4 10. Nbd2 Na6 11. bxa4 dxc4 12. Nxc4 Nc5 13. Nd4 Bxd3 14. Bxd3 Nxd3 15.
Qxd3 c5 16. Qb3 cxd4 17. Bxd4 Qc7 18. h3 Nd7 19. Bxg7 Kxg7 20. Rfc1 Rfc8 21. a5
Kg8 22. Qb2 Qd8 23. Qxb7 Nc5 24. Qb5 Qd3 25. Rd1 Qc3 26. Rac1 Qf6 27. Nb6 Ne4
28. Rxc8+ Rxc8 29. Nxc8 Qxf2+ 30. Kh1 Ng3+ 31. Kh2 Qxe3 32. Qe8+ Kg7 33. Qxe7
Qf4 34. Qd6 Nf1+ 35. Kg1 1-0

[Event "European Rapid 2022"]
[Site "Katowice POL"]
[Date "2022.12.18"]
[Round "11.63"]
[White "Bochnickova, Andrea"]
[Black "Petursson, Margeir"]
[Result "0-1"]
[BlackTitle "GM"]
[WhiteElo "2038"]
[BlackElo "2437"]
[WhiteFideId "14901781"]
[BlackFideId "2300028"]
[EventDate "2022.12.17"]

1. e4 c5 2. Nf3 g6 3. d4 cxd4 4. Nxd4 Nc6 5. Be3 Bg7 6. c4 Nf6 7. Nc3 d6 8. Be2
O-O 9. O-O Bd7 10. f3 Nxd4 11. Bxd4 a5 12. b3 Bc6 13. Qd2 Nd7 14. Be3 Nc5 15.
Rab1 Qb6 16. Rfc1 Rfc8 17. Rc2 Qd8 18. a3 Bd7 19. b4 axb4 20. axb4 Na4 21. Bd4
Bxd4+ 22. Qxd4 Nxc3 23. Rxc3 Ra2 24. Bf1 Rca8 25. Rd1 Ba4 26. Rd2 Rxd2 27. Qxd2
Qb6+ 28. c5 Qxb4 29. cxd6 Qb6+ 30. Qe3 Qxd6 31. e5 Qb4 32. e6 f6 33. Rc4 Qd6 34.
Rh4 Bc2 35. Rd4 Qb6 36. Kf2 Ba4 37. Kg3 Bc6 38. Qd2 Kg7 39. h4 Ra1 40. Bc4 Ra4
41. h5 gxh5 42. Rh4 Qc5 43. Qd8 Qd6+ 44. Qxd6 exd6 45. e7 Be8 46. Re4 f5 47. Bb5
Bxb5 48. e8=Q Bxe8 49. Rxe8 h4+ 50. Kh3 Kf6 51. Rb8 Rb4 52. Rf8+ Ke6 53. Rh8 d5
54. Rxh7 b5 55. Rh6+ Ke5 56. Rh8 Rc4 57. Re8+ Kf4 58. Kxh4 d4 59. g3+ Kxf3 60.
Kg5 d3 61. Rd8 Ke2 62. Kxf5 d2 63. Re8+ Kd3 64. Rd8+ Rd4 0-1

[Event "European Rapid 2022"]
[Site "Katowice POL"]
[Date "2022.12.18"]
[Round "11.64"]
[White "Balinski, Damian"]
[Black "Gaponenko, Inna"]
[Result "1/2-1/2"]
[BlackTitle "IM"]
[WhiteElo "2190"]
[BlackElo "2341"]
[WhiteFideId "1120913"]
[BlackFideId "14101181"]
[EventDate "2022.12.17"]

1. d4 d6 2. c4 e5 3. Nf3 e4 4. Nfd2 f5 5. e3 Nf6 6. Be2 c6 7. O-O g6 8. b3 Bg7
9. Bb2 O-O 10. Nc3 d5 11. cxd5 cxd5 12. Na4 Nc6 13. Nc5 b6 14. Na6 Rf7 15. Ba3
g5 16. Rc1 Bb7 17. b4 Rc8 18. b5 Ne7 19. Qb3 f4 20. Rxc8 Bxc8 21. Rc1 Nf5 22.
Nb4 Ne7 23. Nc6 Nxc6 24. bxc6 Rc7 25. Nb1 Bf8 26. Bxf8 Qxf8 27. Na3 Qe8 28. Qa4
Bb7 29. Bb5 a6 30. Bxa6 Rxc6 31. Rxc6 Qxc6 32. Qxc6 Bxc6 33. h3 Kf7 34. Kf1 Bd7
35. Ke1 f3 36. gxf3 Bxh3 37. fxe4 Nxe4 38. Bb7 Be6 39. Nb5 Ke7 40. f3 Nd6 41.
Nxd6 Kxd6 42. a3 g4 43. fxg4 Bxg4 44. Ba6 Bf5 45. Kf2 Kc6 46. Be2 Be4 47. Kg3 b5
48. Bd1 Kb6 49. Kf4 b4 50. axb4 Kb5 51. Bg4 Kxb4 52. Ke5 Kc4 53. Be6 h5 54. Kf4
Kd3 55. Bf7 h4 56. Kg4 Kxe3 57. Bxd5 Bxd5 58. Kxh4 1/2-1/2

[Event "European Rapid 2022"]
[Site "Katowice POL"]
[Date "2022.12.18"]
[Round "11.65"]
[White "Lach, Aleksandra"]
[Black "Kjartansson, Gudmundur"]
[Result "1/2-1/2"]
[WhiteTitle "WIM"]
[BlackTitle "GM"]
[WhiteElo "2191"]
[BlackElo "2453"]
[WhiteFideId "1134299"]
[BlackFideId "2301318"]
[EventDate "2022.12.17"]

1. e4 c5 2. Nc3 Nc6 3. Bb5 Nd4 4. Nf3 a6 5. Bd3 Nxf3+ 6. Qxf3 d6 7. O-O Nf6 8.
Re1 e5 9. a4 Be6 10. b3 Be7 11. Bb2 O-O 12. h3 h6 13. Nd5 Nxd5 14. exd5 Bd7 15.
Bf5 Qc8 16. Bxd7 Qxd7 17. Qg3 Bg5 18. Rad1 b5 19. a5 Qf5 20. d3 b4 21. Re4 Qh7
22. h4 Bd8 23. f4 f6 24. Qh3 Kh8 25. Qd7 f5 26. Re2 Bxh4 27. Qxd6 e4 28. Qxc5
Qg6 29. Qc6 Qh5 30. g3 Kh7 31. Rdd2 Bxg3 32. Rg2 Qf3 33. Rxg3 Qxg3+ 34. Rg2 Qe1+
35. Kh2 Qh4+ 36. Kg1 Qe1+ 37. Kh2 Qh4+ 1/2-1/2

[Event "European Rapid 2022"]
[Site "Katowice POL"]
[Date "2022.12.18"]
[Round "11.66"]
[White "Minald, Andrey"]
[Black "Mitusov, Semen"]
[Result "0-1"]
[BlackTitle "IM"]
[WhiteElo "2091"]
[BlackElo "2397"]
[WhiteFideId "13506854"]
[BlackFideId "14151049"]
[EventDate "2022.12.17"]

1. d4 d5 2. Nf3 Nf6 3. c4 e6 4. Nc3 Be7 5. Bg5 h6 6. Bh4 O-O 7. e3 b6 8. Bd3
dxc4 9. Bxc4 Bb7 10. O-O Nbd7 11. Qe2 Ne4 12. Bg3 Nxg3 13. hxg3 Bd6 14. Ba6 Qc8
15. Bxb7 Qxb7 16. Rac1 Rac8 17. Rfd1 Rfd8 18. Nb5 Bf8 19. Ne5 a6 20. Nxd7 Rxd7
21. Nc3 b5 22. Qf3 Qxf3 23. gxf3 c5 24. dxc5 Rxd1+ 25. Nxd1 Rxc5 26. Rxc5 Bxc5
27. f4 Kf8 28. Kf1 Ke7 29. Ke2 h5 30. Nc3 f6 31. Kd3 Kd7 32. Ke4 Bb4 33. Ne2 Be1
34. Kf3 g6 35. Nc1 Bb4 36. Nd3 Be7 37. e4 a5 38. e5 f5 39. b3 Kc6 40. Ke3 Kd5
41. Ke2 Kd4 42. Kd2 Ba3 43. Kc2 Be7 44. Kd2 Bf8 45. Kc2 Ke4 46. Kd2 Kf3 47. Ke1
Be7 48. Kf1 a4 49. Ne1+ Ke4 50. Ke2 Kd4 51. Nf3+ Kc3 52. bxa4 bxa4 53. Ne1 Kb2
54. Kd1 Kxa2 55. Kc2 Bc5 56. Nd3 Bd4 57. Nb4+ Ka3 58. Nd3 Bb6 59. Kc3 Ba7 60.
Kc2 Bd4 61. f3 Bg1 62. Nc1 Kb4 63. Ne2 Bf2 64. Kd3 Kb3 65. Kd2 a3 66. Nc1+ Kc4
67. Kc2 Bxg3 68. Ne2 Bf2 69. Nc1 h4 0-1

[Event "European Rapid 2022"]
[Site "Katowice POL"]
[Date "2022.12.18"]
[Round "11.67"]
[White "Karolczuk, Iwo"]
[Black "Janeczko, Jakub"]
[Result "1-0"]
[WhiteTitle "FM"]
[WhiteElo "2327"]
[BlackElo "2247"]
[WhiteFideId "21816972"]
[BlackFideId "21871655"]
[EventDate "2022.12.17"]

1. e4 c5 2. Nc3 Nc6 3. Bb5 Nd4 4. Bc4 a6 5. a4 e6 6. Nge2 Qc7 7. d3 g6 8. Nxd4
cxd4 9. Ne2 Bg7 10. h4 Nf6 11. Bb3 d5 12. exd5 Nxd5 13. h5 O-O 14. Ng3 Nf4 15.
Qf3 e5 16. hxg6 hxg6 17. Ne4 Be6 18. Bxf4 Bxb3 19. Qh3 f5 20. Qh7+ Kf7 21. Bh6
Qa5+ 22. Nd2 Rg8 23. cxb3 Kf6 24. Bxg7+ Rxg7 25. Qh4+ g5 26. Qh6+ Rg6 27. Qh7 e4
28. Rh6 Rg8 29. Rxg6+ Rxg6 30. dxe4 fxe4 31. Qh8+ Rg7 32. Qf8+ Rf7 33. Qd6+ Kf5
34. Qxd4 e3 35. fxe3 1-0

[Event "European Rapid 2022"]
[Site "Katowice POL"]
[Date "2022.12.18"]
[Round "11.68"]
[White "Dobrovoljc, Vid"]
[Black "Salna, Aleksandras"]
[Result "1-0"]
[WhiteTitle "FM"]
[WhiteElo "2384"]
[BlackElo "2191"]
[WhiteFideId "14609843"]
[BlackFideId "12807575"]
[EventDate "2022.12.17"]

1. Nf3 d5 2. g3 Nd7 3. c4 dxc4 4. Qa4 a6 5. Qxc4 b5 6. Qc2 Bb7 7. Bg2 e6 8. d3
Ngf6 9. O-O Be7 10. a4 O-O 11. axb5 axb5 12. Rxa8 Qxa8 13. Na3 c6 14. Rd1 Nd5
15. d4 h6 16. g4 c5 17. Nxb5 Rc8 18. dxc5 Bxc5 19. Nc3 Nxc3 20. bxc3 Nf6 21. h3
Ne4 22. Rf1 Nxc3 23. Bb2 Ne4 24. Qd1 Rd8 25. Qc1 Qa7 26. e3 Nxf2 27. Kxf2 Bxf3
28. Bxf3 Rb8 29. Re1 Qc7 30. Qc3 f6 31. Kg2 Qb6 32. Ba3 Bxa3 33. Qxa3 Rd8 34.
Qc3 Qa6 35. Re2 Rd1 36. Qc6 1-0

[Event "European Rapid 2022"]
[Site "Katowice POL"]
[Date "2022.12.18"]
[Round "11.69"]
[White "Triadu Cassa, Jordi"]
[Black "Stremavicius, Pijus"]
[Result "1/2-1/2"]
[WhiteTitle "CM"]
[BlackTitle "FM"]
[WhiteElo "2195"]
[BlackElo "2369"]
[WhiteFideId "2241927"]
[BlackFideId "12812730"]
[EventDate "2022.12.17"]

1. e4 c5 2. c4 Nc6 3. Nc3 g6 4. g3 Bg7 5. Bg2 e6 6. Nge2 Nge7 7. O-O Nd4 8. a3
Nec6 9. Rb1 a5 10. Nxd4 Nxd4 11. Ne2 O-O 12. Nxd4 Bxd4 13. b4 axb4 14. axb4 b6
15. Bb2 e5 16. bxc5 bxc5 17. Bxd4 cxd4 18. Ra1 Rxa1 19. Qxa1 d6 20. d3 Qc7 21.
Rb1 Bd7 22. h4 Rb8 23. Kh2 Kg7 24. Bh3 Bc6 25. Rb2 Ra8 26. Ra2 Rxa2 27. Qxa2 Qb6
28. Bc8 Qc5 29. Bh3 h6 30. h5 g5 31. Bf5 Qb6 32. Kg2 Kf6 33. Kh2 Ke7 34. Kg2 Kf6
35. Kh2 Qb4 36. Qa6 Qb7 37. Qxb7 Bxb7 38. Kg2 Bc6 39. Kf1 Ke7 40. Ke2 Kd8 41.
Kd2 Kc7 42. Bg4 Ba4 43. Be2 Kb6 44. Kc1 Kc5 45. Kb2 Kb4 46. g4 Bb3 47. Bf3 Ba4
48. Be2 Kc5 49. Bf3 f6 50. Be2 Bd7 51. Kb3 Bc8 52. Kb2 Kb4 53. Bd1 Bb7 54. Be2
Ba6 55. Bf3 Kc5 56. Kb3 d5 57. exd5 Bc8 58. Bd1 f5 59. f3 Bd7 60. Be2 Be8 61.
Bd1 Bd7 62. Be2 Be8 63. Bd1 Bd7 64. Be2 1/2-1/2

[Event "European Rapid 2022"]
[Site "Katowice POL"]
[Date "2022.12.18"]
[Round "11.70"]
[White "Agafonov, Yuri Dr"]
[Black "Paehtz, Thomas"]
[Result "1-0"]
[BlackTitle "GM"]
[WhiteElo "2077"]
[BlackElo "2339"]
[WhiteFideId "11602104"]
[BlackFideId "4611349"]
[EventDate "2022.12.17"]

1. d4 Nf6 2. Bg5 d5 3. e3 g6 4. Bxf6 exf6 5. c4 dxc4 6. Bxc4 Bd6 7. Nc3 a6 8. h4
h5 9. Nge2 Nc6 10. a3 f5 11. g3 Ne7 12. Nd5 Nxd5 13. Bxd5 O-O 14. Bg2 c6 15. O-O
Qe7 16. Rc1 Rd8 17. Qc2 Be6 18. Rfd1 Rac8 19. Nc3 Bb8 20. Na4 Ba7 21. b4 Bd5 22.
Bxd5 Rxd5 23. Nc3 Rd7 24. Ne2 Rcd8 25. Qb3 Qe6 26. Qc2 Bb8 27. Re1 f6 28. Qc4
Qxc4 29. Rxc4 Kf7 30. Rb1 g5 31. f4 Re8 32. Kf2 Kg6 33. a4 Re6 34. b5 cxb5 35.
axb5 Rb6 36. Nc3 axb5 37. Rxb5 Rxb5 38. Nxb5 Rd8 39. Rc5 Re8 40. Nc3 Rd8 41. Kf3
Re8 42. Nd5 Bd6 43. Rb5 g4+ 44. Ke2 Ra8 45. Rb6 Ra2+ 46. Kd3 Ba3 47. Rxf6+ Kg7
48. Rxf5 Rg2 49. Rxh5 Rxg3 50. Rg5+ Kh6 51. Nf6 Rh3 52. Nxg4+ Kh7 53. Nf6+ Kh6
54. h5 1-0

[Event "European Rapid 2022"]
[Site "Katowice POL"]
[Date "2022.12.18"]
[Round "11.71"]
[White "Plaskan, Jure"]
[Black "Pidluznij, Gleb"]
[Result "0-1"]
[WhiteElo "2241"]
[BlackElo "2159"]
[WhiteFideId "14605252"]
[BlackFideId "12817082"]
[EventDate "2022.12.17"]

1. e4 c6 2. d4 d5 3. exd5 cxd5 4. c4 Nf6 5. Nc3 e6 6. Nf3 Nc6 7. c5 Be7 8. Rb1
O-O 9. Bd3 a5 10. O-O b6 11. Bb5 Bb7 12. Ne5 Rc8 13. Qa4 Na7 14. c6 Ba8 15. Bg5
Nxb5 16. Qxb5 Qc7 17. Rfc1 Bxc6 18. Nxd5 Nxd5 19. Rxc6 Qb7 20. Bxe7 Qxe7 21. g3
Rxc6 22. Qxc6 h5 23. Re1 Qb4 24. Re4 Qxb2 25. Kg2 Qxa2 26. Nxf7 Nb4 27. Qxb6
Rxf7 28. Rf4 Rxf4 29. gxf4 Nd3 30. Kf3 Qxf2+ 31. Ke4 Qe2# 0-1

[Event "European Rapid 2022"]
[Site "Katowice POL"]
[Date "2022.12.18"]
[Round "11.72"]
[White "Spalir, Jernej"]
[Black "Krivenko, Dion"]
[Result "0-1"]
[WhiteTitle "IM"]
[WhiteElo "2377"]
[BlackElo "2141"]
[WhiteFideId "14606518"]
[BlackFideId "4508378"]
[EventDate "2022.12.17"]

1. d4 Nf6 2. c4 g6 3. Nc3 Bg7 4. Nf3 O-O 5. g3 d6 6. Bg2 Nbd7 7. O-O e5 8. e4 c6
9. h3 Qa5 10. Rb1 exd4 11. Nxd4 Ne5 12. b4 Qc7 13. Qe2 a6 14. f4 Ned7 15. Be3
Re8 16. Rfd1 c5 17. bxc5 Nxc5 18. Ndb5 axb5 19. Nxb5 Qe7 20. Nxd6 Ncxe4 21. Nxe8
Qxe8 22. Bb6 Bd7 23. Re1 Bc6 24. g4 Nc3 25. Qd3 Nfe4 26. Rb3 Rxa2 27. Bf3 f5 28.
Qe3 Qd7 29. Rc1 Nd2 30. Bxc6 Qxc6 31. Rbxc3 Bxc3 32. Rxc3 Nxc4 33. Qf3 Qxb6+ 0-1

[Event "European Rapid 2022"]
[Site "Katowice POL"]
[Date "2022.12.18"]
[Round "11.73"]
[White "Voege, Tobias"]
[Black "Kacprzak, Kacper"]
[Result "0-1"]
[WhiteTitle "FM"]
[WhiteElo "2300"]
[BlackElo "2289"]
[WhiteFideId "1270513"]
[BlackFideId "21819319"]
[EventDate "2022.12.17"]

1. d4 Nf6 2. c4 e6 3. Nc3 Bb4 4. Nf3 b6 5. Bg5 Bb7 6. e3 h6 7. Bh4 g5 8. Bg3 Ne4
9. Qc2 d6 10. Bd3 Bxc3+ 11. bxc3 f5 12. c5 Nd7 13. cxd6 cxd6 14. a4 Rc8 15. Qb3
Qe7 16. Bxe4 Bxe4 17. h4 g4 18. Nd2 Bxg2 19. Rh2 Bd5 20. c4 Ba8 21. Qd3 O-O 22.
c5 dxc5 23. Nc4 Qg7 24. Ne5 Rfd8 25. Qa6 cxd4 26. exd4 Nf6 27. h5 Qc7 28. Qd3
Ne4 29. Bf4 Kh7 30. Rc1 Qe7 31. f3 Rxc1+ 32. Bxc1 Qb4+ 33. Kf1 Rxd4 34. Qc2 Nc5
35. Bb2 gxf3 36. Bxd4 Qxd4 37. Qb2 Qd1+ 38. Kf2 Ne4+ 39. Ke3 Qe1+ 40. Kd4 Qg1+
41. Kc4 f2 42. Ng6 f1=Q+ 43. Re2 Qc1+ 0-1

[Event "European Rapid 2022"]
[Site "Katowice POL"]
[Date "2022.12.18"]
[Round "11.74"]
[White "Kruckenhauser, Arthur"]
[Black "Galuszka, Tomasz"]
[Result "1-0"]
[WhiteTitle "FM"]
[WhiteElo "2339"]
[BlackElo "2184"]
[WhiteFideId "1642812"]
[BlackFideId "21816409"]
[EventDate "2022.12.17"]

1. e4 c6 2. Nf3 d5 3. Nc3 Nf6 4. e5 Ne4 5. Ne2 Qb6 6. d4 e6 7. Ng3 c5 8. Bd3
Nxg3 9. fxg3 c4 10. Be2 Nc6 11. c3 Bd7 12. O-O Be7 13. Kh1 h6 14. Ng1 Bg5 15.
Qc2 Bxc1 16. Raxc1 O-O 17. g4 Qd8 18. Rf2 b5 19. Rcf1 a5 20. Nh3 Ne7 21. Nf4 f5
22. Nh5 Be8 23. Nf4 Bd7 24. Qd2 Qb6 25. gxf5 exf5 26. Rf3 g5 27. Nh5 f4 28. Nf6+
Rxf6 29. exf6 Qxf6 30. R3f2 Rf8 31. Bf3 g4 32. Bxg4 Bxg4 33. Rxf4 Bf5 34. g4
Be4+ 35. Kg1 1-0

[Event "European Rapid 2022"]
[Site "Katowice POL"]
[Date "2022.12.18"]
[Round "11.75"]
[White "Malesevic, Nedeljko"]
[Black "Hulka, Valentyn"]
[Result "1/2-1/2"]
[WhiteTitle "FM"]
[BlackTitle "CM"]
[WhiteElo "2226"]
[BlackElo "2222"]
[WhiteFideId "1703447"]
[BlackFideId "34107061"]
[EventDate "2022.12.17"]

1. d4 Nf6 2. c4 g6 3. Nc3 d5 4. Nf3 Bg7 5. Bg5 Ne4 6. cxd5 Nxc3 7. bxc3 Qxd5 8.
Qb3 Qxb3 9. axb3 c5 10. e3 Nc6 11. Rc1 Be6 12. Nd2 Rc8 13. dxc5 h6 14. Bf4 O-O
15. Bb5 Rfd8 16. Ke2 Ne5 17. b4 a6 18. Bxe5 Bxe5 19. Bd3 a5 20. Nf3 Bf6 21. Rhd1
axb4 22. cxb4 Ra8 23. Bc4 Rxd1 24. Kxd1 Bf5 25. Nd4 Rd8 26. Ke2 Bxd4 27. exd4
Rxd4 28. b5 Bd7 29. Ke3 e5 30. Be2 f5 31. f3 Kf7 32. c6 bxc6 33. bxc6 Bc8 34.
Rd1 f4+ 35. Kf2 Rxd1 36. Bxd1 Ke6 37. Bc2 Kd6 38. Bxg6 Kxc6 39. g3 Kd5 40. Ke1
Ke6 41. Be4 1/2-1/2

[Event "European Rapid 2022"]
[Site "Katowice POL"]
[Date "2022.12.18"]
[Round "11.76"]
[White "Fistek, Dariusz"]
[Black "Grabarczyk, Miroslaw"]
[Result "0-1"]
[BlackTitle "GM"]
[WhiteElo "2158"]
[BlackElo "2337"]
[WhiteFideId "1132210"]
[BlackFideId "1101684"]
[EventDate "2022.12.17"]

1. d4 Nf6 2. c4 e6 3. Nf3 d5 4. Nc3 Be7 5. Bg5 h6 6. Bh4 O-O 7. e3 Nbd7 8. Rc1
c6 9. Bd3 b6 10. cxd5 cxd5 11. O-O Bb7 12. Qe2 a6 13. h3 b5 14. a3 Rc8 15. Bg3
Qb6 16. Ne5 Nxe5 17. Bxe5 Nd7 18. Bg3 b4 19. axb4 Bxb4 20. Na4 Qa7 21. Ra1 a5
22. Bb5 Bc6 23. Rfc1 Qa8 24. Ba6 Bb7 25. Bb5 Rxc1+ 26. Rxc1 Rc8 27. Bc7 Bd6 28.
Bxd7 Rxc7 29. Rxc7 Bxc7 30. Qb5 Ba6 31. Qc5 Qb8 32. Qc6 Qb7 33. Qxb7 Bxb7 34.
Nc5 Ba8 35. f4 Bb6 36. Kf2 Bd8 37. Ke2 Kf8 38. Kd3 Bh4 39. g4 Ke7 40. Bb5 Kd6
41. Be8 f6 42. e4 dxe4+ 43. Nxe4+ Ke7 44. Bb5 g5 45. fxg5 hxg5 46. Ke3 f5 47.
gxf5 exf5 48. Nf2 Bg2 49. Bc4 Bxf2+ 50. Kxf2 Bxh3 51. Kg3 Bg4 52. Bd3 Kf6 53.
Bc4 Bh5 54. Bb5 Bf7 55. Bc6 Ke7 56. Bb7 Kd6 57. Bc8 Be6 58. Bb7 Bd5 59. Bc8 Be4
60. Kf2 Kd5 61. Ke3 f4+ 0-1

[Event "European Rapid 2022"]
[Site "Katowice POL"]
[Date "2022.12.18"]
[Round "11.77"]
[White "Kubicka, Anna"]
[Black "Karvatskyi, Oleksii"]
[Result "0-1"]
[WhiteTitle "WIM"]
[WhiteElo "2217"]
[BlackElo "1995"]
[WhiteFideId "1152254"]
[BlackFideId "14191059"]
[EventDate "2022.12.17"]

1. e4 c5 2. Nf3 Nc6 3. Bb5 e6 4. O-O Nge7 5. d4 cxd4 6. Nxd4 Nxd4 7. Qxd4 a6 8.
Ba4 b5 9. Bb3 Nc6 10. Qc3 Bb7 11. Qg3 d6 12. Be3 Qf6 13. Nc3 Qg6 14. a3 Na5 15.
Ba2 Rc8 16. Bf4 Qxg3 17. Bxg3 Nc4 18. Bxc4 Rxc4 19. Rfd1 e5 20. f3 Be7 21. Bf2
Kd7 22. Be3 Rhc8 23. Rd3 Ke6 24. Rad1 f5 25. Nd5 Bxd5 26. exd5+ Kd7 27. c3 Bf6
28. Bd2 e4 29. fxe4 Rxe4 30. Re1 Rce8 31. Kf1 R8e5 32. b3 f4 33. Rxe4 Rxe4 34.
Kf2 g5 35. Kf3 Re8 36. c4 bxc4 37. bxc4 Rb8 38. Bb4 Rc8 39. Bc3 Be7 40. Rd4 Bf6
41. Rd3 Bd8 42. Rd4 Rb8 43. Rd3 Rb3 44. Ke4 Rxa3 45. Rh3 h5 46. Rf3 g4 47. Rd3
Ra4 48. Kxf4 Rxc4+ 49. Kf5 a5 50. h3 a4 51. Bd2 Rc2 52. hxg4 a3 53. Rxa3 Rxd2
54. Ra7+ Ke8 55. gxh5 Be7 56. h6 Rxd5+ 57. Kg6 Rg5+ 58. Kh7 Rxg2 59. Ra8+ Kf7
60. Ra5 Ke6 61. Ra3 Bf6 62. Re3+ Be5 63. Ra3 d5 64. Ra6+ Bd6 65. Ra7 d4 66. Rg7
Rh2 67. Rg6+ Kd5 68. Kg8 Be5 69. Kh7 d3 70. Rg2 d2 71. Rg1 Kc4 72. Kg6 Kd3 73.
Kh7 Bd4 74. Rg3+ Be3 0-1

[Event "European Rapid 2022"]
[Site "Katowice POL"]
[Date "2022.12.18"]
[Round "11.78"]
[White "George, Matthew P"]
[Black "Brilej, Jaka"]
[Result "0-1"]
[BlackTitle "FM"]
[WhiteElo "1999"]
[BlackElo "2336"]
[WhiteFideId "407763"]
[BlackFideId "14618818"]
[EventDate "2022.12.17"]

1. e4 c6 2. d4 d5 3. exd5 cxd5 4. Bd3 Nc6 5. c3 Qc7 6. h3 e5 7. dxe5 Nxe5 8. Nf3
Nxd3+ 9. Qxd3 Nf6 10. O-O Be7 11. Re1 O-O 12. Be3 h6 13. Nbd2 Re8 14. Nd4 a6 15.
Re2 Bd7 16. Rae1 Bd6 17. Qc2 Rad8 18. Qb3 Bc8 19. N4f3 b5 20. Bd4 Rxe2 21. Rxe2
Nh5 22. a4 Nf4 23. Re1 Bd7 24. axb5 Bxb5 25. Be5 Ne2+ 26. Rxe2 Bxe2 27. Bd4 Bb5
28. Qc2 Re8 29. Qf5 Qd7 30. Qh5 Qe6 31. Be3 Be2 32. Nb3 Qe4 33. Nbd2 Qc2 34. g3
Qd1+ 35. Kg2 Rxe3 36. fxe3 Qxd2 0-1